The physiology of forest trees; (Record no. 12233)

000 -LEADER
fixed length control field 00446cam a22001451 4500
040 ## - CATALOGING SOURCE
Transcribing agency MeB
082 ## - DEWEY DECIMAL CLASSIFICATION NUMBER
Classification number 634 RON 1958 A040 Or.
245 14 - TITLE STATEMENT
Title The physiology of forest trees;
Remainder of title a symposium held at the Harvard Forest, April 1957,
260 ## - PUBLICATION, DISTRIBUTION, ETC. (IMPRINT)
Place of publication New York,
Name of publisher Ronald Press Co.
Year of publication [1958]
300 ## - PHYSICAL DESCRIPTION
Number of Pages xvi, 678 p.
Other physical details illus., diagrs., tables.
Dimensions 24 cm.
650 #0 - SUBJECT ADDED ENTRY--TOPICAL TERM
Topical Term Trees
700 1# - ADDED ENTRY--PERSONAL NAME
Personal name Thimann, Kenneth Vivian,
710 2# - ADDED ENTRY--CORPORATE NAME
Corporate name or jurisdiction name as entry element Harvard University.
942 ## - ADDED ENTRY ELEMENTS (KOHA)
Koha item type សៀវភៅភាសាអង់គ្លេស
952 ## - LOCATION AND ITEM INFORMATION (KOHA)
Withdrawn status [LOCAL, KOHA] 0
Holdings
Permanent Location Date acquired Koha item type Lost status Shelving location Barcode Current Location Full call number
Library Block A2017-08-11សៀវភៅភាសាអង់គ្លេស A040A09309Library Block A634 RON 1958 A040 Or.
មជ្ឈមណ្ឌលឯការនៃសាកលវិទ្យាល័យភូមិន្ទកសិកម្មចំការដូង

Powered by Koha